00309nam a22000857a 4500020001800000050002300018082002300041245010400064260005500168 a9781868144884 a305.896104092 CRAI a305.896104092 CRAI aSara Baartman and the hottentot venusba ghost story and biographycClifton Crais and Pamela Scully aUnited States, South AfricabWits Universityc2009